00855nam a2200241 a 450000500170000000800410001704100080005804400070006610000310007324500810010426000760018530000850026150500400034650500370038650500350042350500430045865000120050165000240051365000160053765000220055365000220057565000160059720180803164928.0140120b1997 ck ||||| |||| 00| 0 spa d aspa ack1 aCalderón-Sáez, Eduardo10aBase de datos sobre plantas colombianas extintas o en peligro de extinción aVilla de Leyva (Boyacá) : bInstituto Alexander von Humboldt, c1997. a4 vol.aVol 1. ( p.), Vol 2. ( p.), Vol 3. (553 p.), Vol 4. (500 p.), c35 cm. aVol. 1: Acanthaceae, Metteniasaceae aVol. 2: Moraceae, Zygophyllaceae aVol. 3: Acanthaceae, Lauraceae aVol. 4: Leythidaceae, Zygophyllaceae 6aPlantas 6aEspecies en peligro 4aExtinción 4aCategorías UICN 4aListas rojas UICN aInventarios